История социально-экономической мысли в России
| מחבר ראשי: | |
|---|---|
| סיכום: | В монографии известного социолога, профессора МГУ им. М.В. Ломоносова, доктора социологических наук А.И. Кравченко рассматривается история отечественной социологии труда начиная с середины XIX в. по настоящее время. Автор обращается к наследию таких ученых, как В. Берви-Флеровский, А. Кауфман, А. Исаев, М. Туган-Барановский, А. Гастев, А. Журавский, Г. Плеханов, С. Струмилин, Ю. Янсон, А. Чупров, Ф. Щербина, С. Прокопович, И. Янжул, К. Пажитнов, В. Леонтьев, В. Ленин. В книге также исследуются работы Л. Гордона, А. Назимовой, Т. Заславской, О. Шкаратана, В. Ядова и многих других современных ученых. Монография адресована преподавателям вузов, студентам и аспирантам. Она в полной мере восполняет существующий в настоящее время дефицит такого рода научных изданий, поскольку в ней под одной обложкой собраны исследования лучших достижений отечественной социально-экономической мысли за длительный исторический период, что позволяет читателю не тратить время на поиск информации. |
| שפה: | רוסית |
| יצא לאור: |
Москва, Академический проект, 2010
|
| סדרה: | Summa |
| נושאים: |
Исаев
> А. А.
> русский экономист народнического направления
> статистик и социолог
> 1851-1924
> Андрей Алексеевич
Туган-Барановский
> М. И.
> российский экономист
> историк
> один из представителей "легального марксизма"
> 1865-1919
> Михаил Иванович
|
| פורמט: | ספר |
| KOHA link: | https://koha.lib.tpu.ru/cgi-bin/koha/opac-detail.pl?biblionumber=189993 |
MARC
| LEADER | 00000nam0a2200000 4500 | ||
|---|---|---|---|
| 001 | 189993 | ||
| 005 | 20231101224241.0 | ||
| 010 | |a 978829112073 | ||
| 010 | |a 978-5-902833-11-6 | ||
| 035 | |a (RuTPU)RU\TPU\book\206770 | ||
| 090 | |a 189993 | ||
| 100 | |a 20110114d2010 k y0rusy50 ca | ||
| 101 | 0 | |a rus | |
| 102 | |a RU | ||
| 105 | |a y z 001zd | ||
| 200 | 1 | |a История социально-экономической мысли в России |f А. И. Кравченко | |
| 210 | |a Москва |c Академический проект |d 2010 |c Парадигма | ||
| 215 | |a 1184 с. | ||
| 225 | 1 | |a Summa | |
| 320 | |a Библиография в примечаниях. | ||
| 320 | |a Библиография: с. 1163-1181 | ||
| 330 | |a В монографии известного социолога, профессора МГУ им. М.В. Ломоносова, доктора социологических наук А.И. Кравченко рассматривается история отечественной социологии труда начиная с середины XIX в. по настоящее время. Автор обращается к наследию таких ученых, как В. Берви-Флеровский, А. Кауфман, А. Исаев, М. Туган-Барановский, А. Гастев, А. Журавский, Г. Плеханов, С. Струмилин, Ю. Янсон, А. Чупров, Ф. Щербина, С. Прокопович, И. Янжул, К. Пажитнов, В. Леонтьев, В. Ленин. В книге также исследуются работы Л. Гордона, А. Назимовой, Т. Заславской, О. Шкаратана, В. Ядова и многих других современных ученых. Монография адресована преподавателям вузов, студентам и аспирантам. Она в полной мере восполняет существующий в настоящее время дефицит такого рода научных изданий, поскольку в ней под одной обложкой собраны исследования лучших достижений отечественной социально-экономической мысли за длительный исторический период, что позволяет читателю не тратить время на поиск информации. | ||
| 600 | 1 | |a Исаев |b А. А. |c русский экономист народнического направления |c статистик и социолог |f 1851-1924 |g Андрей Алексеевич |2 stltpush |3 (RuTPU)RU\TPU\pers\24024 |9 10614 | |
| 600 | 1 | |a Чаянов |g Александр Васильевич |b А. В. |f 1888-1937 |c российский экономист-аграрник |c литератор |2 stltpush |3 (RuTPU)RU\TPU\pers\1604 | |
| 600 | 1 | |a Туган-Барановский |b М. И. |c российский экономист |c историк |c один из представителей "легального марксизма" |f 1865-1919 |g Михаил Иванович |2 stltpush |3 (RuTPU)RU\TPU\pers\213 |9 108 | |
| 600 | 1 | |a Прокопович |b С. Н. |c российский политический деятель |c экономист |f 1871-1955 |g Сергей Николаевич |2 stltpush |3 (RuTPU)RU\TPU\pers\7946 |9 1541 | |
| 600 | 1 | |a Гастев |g Алексей Капитонович |b А. К. |f 1882-1938/1941 |c русский поэт |c ученый |c организатор Центрального института труда |2 stltpush |3 (RuTPU)RU\TPU\pers\825 | |
| 600 | 1 | |a Кондратьев |g Николай Дмитриевич |b Н. Д. |c российский экономист |f 1892-1938 |2 stltpush |3 (RuTPU)RU\TPU\pers\934 | |
| 600 | 1 | |a Булгаков |b С. Н. |c русский богослов, философ, экономист, священник |f 1871-1944 |g Сергей Николаевич |2 stltpush |3 (RuTPU)RU\TPU\pers\1216 |9 540 | |
| 606 | 1 | |a Социология русская |x История |2 stltpush |3 (RuTPU)RU\TPU\subj\37946 |9 58699 | |
| 610 | 1 | |a социологическая мысль | |
| 610 | 1 | |a 20 век | |
| 610 | 1 | |a труд | |
| 610 | 1 | |a статистика | |
| 610 | 1 | |a аграрная социология | |
| 610 | 1 | |a земская статистика | |
| 610 | 1 | |a экономическая мысль | |
| 610 | 1 | |a бюджетные исследования | |
| 610 | 1 | |a 19 век | |
| 610 | 1 | |a поземельная община | |
| 610 | 1 | |a рабочий класс | |
| 610 | 1 | |a заводская социология | |
| 610 | 1 | |a СССР | |
| 610 | 1 | |a профессии | |
| 610 | 1 | |a коллективы | |
| 610 | 1 | |a социальное управление | |
| 610 | 1 | |a персоналии | |
| 610 | 1 | |a социологи | |
| 610 | 1 | |a крестьянская община | |
| 610 | 1 | |a крестьянство | |
| 610 | 1 | |a капитализм | |
| 610 | 1 | |a христианская социология | |
| 610 | 1 | |a христианская философия | |
| 610 | 1 | |a социально-экономические учения | |
| 686 | |a С51(2) |v LBC/SL-A |2 rubbk | ||
| 700 | 1 | |a Кравченко |b А. И. |g Альберт Иванович | |
| 801 | 1 | |a RU |b 63413507 |c 20110114 | |
| 801 | 2 | |a RU |b 63413507 |c 20150417 |g RCR | |
| 942 | |c BK | ||
| 959 | |a 3/20110114 |d 2 |e 1200,00 |f АНЛ:1 |f ЧЗГЛ:1 | ||